000 00740nas a2200241 4500
001 BR5600265
003 BR-BrBNA
005 20231205082004.0
007 ta
008 230509b bl.|||p| |||| 00| 00por d
040 _aBR-BrBNA
_bpor
_cBiblioteca Nacional de Agricultura
041 _a(Pt)
072 _aF70
100 1 _aCamargo, O.R.
245 1 _aLista de Fanerogamos e Pteridofitos da Estacao Experimental de Silvicultura
650 _aDISTRIBUICAO GEOGRAFICA
650 _aPTERIDOFITA
650 _aFANEROGAMA
650 _aRIO GRANDE DO SUL
773 0 _tBoletim da Diretoria da Producao Animal (Brazil)
_x
_g(May-Nov 1956), v. 13(25) p. 46-61
_wBR5600265
909 _a202311
_bLúcia
_c55
_dLúcia Elande
942 _2AGRIS
_n0
_cANA
999 _c88363
_d88363